Úsame para entender a las mujeres : (Record no. 22447)

000 -CABECERA
campo de control de longitud fija 00592nam a22001937a 4500
003 - IDENTIFICADOR DEL NÚMERO DE CONTROL
campo de control OSt
005 - FECHA Y HORA DE LA ÚLTIMA TRANSACCIÓN
campo de control 20220822142253.0
008 - DATOS DE LONGITUD FIJA--INFORMACIÓN GENERAL
campo de control de longitud fija 220822b ||||| |||| 00| 0 spa d
020 ## - NÚMERO INTERNACIONAL ESTÁNDAR DEL LIBRO
Número Internacional Estándar del Libro 9786124342882
040 ## - FUENTE DE LA CATALOGACIÓN
Centro/agencia transcriptor Biblioteca Municipal de Cusco
082 ## - NÚMERO DE LA CLASIFICACIÓN DECIMAL DEWEY
Número de clasificación 869.56/N31U
Notación interna N31U
100 1# - ENTRADA PRINCIPAL--NOMBRE DE PERSONA
Nombre de persona Navas, Erick
Fechas asociadas al nombre 1974-
Término indicativo de función/relación autor
9 (RLIN) 48220
245 10 - MENCIÓN DE TÍTULO
Título Úsame para entender a las mujeres :
Resto del título un café contigo /
Mención de responsabilidad, etc. Erick Navas
250 ## - MENCIÓN DE EDICIÓN
Mención de edición Primera edición.
264 #1 - PRODUCCIÓN, PUBLICACIÓN, DISTRIBUCIÓN, FABRICACIÓN Y COPYRIGHT
Producción, publicación, distribución, fabricación y copyright Lima :
Nombre del de productor, editor, distribuidor, fabricante Caja Negra,
Fecha de producción, publicación, distribución, fabricación o copyright 2019.
300 ## - DESCRIPCIÓN FÍSICA
Extensión 168 páginas ;
Dimensiones 20 cm
650 ## - PUNTO DE ACCESO ADICIONAL DE MATERIA--TÉRMINO DE MATERIA
Término de materia o nombre geográfico como elemento de entrada Novelas peruanas
Subdivisión cronológica Siglo XX
9 (RLIN) 47961
942 ## - ELEMENTOS DE PUNTO DE ACCESO ADICIONAL (KOHA)
Fuente del sistema de clasificación o colocación
Tipo de ítem Koha Libros-BMC
Holdings
Estado de retiro Estado de pérdida Fuente del sistema de clasificación o colocación Estado dañado No para préstamo Localización permanente Ubicación/localización actual Ubicación en estantería Fecha de adquisición Signatura topográfica completa Código de barras Fecha visto por última vez Precio válido a partir de Tipo de ítem Koha
          Sala Humanidades Sala Humanidades Book Cart 2022-08-22 869.56/N31U SH0000016337 2022-08-22 2022-08-22 Libros-BMC
          Sala Humanidades Sala Humanidades Book Cart 2022-08-22 869.56/N31U/e.2 SH0000016338 2022-08-22 2022-08-22 Libros-BMC

Powered by Koha